| 000 | 00807nmm a2200265 a 4500 | ||
|---|---|---|---|
| 001 | ocm0001299534 | ||
| 003 | TR-IsHL | ||
| 005 | 20201028162400.0 | ||
| 008 | 160715s2014 tu tur | ||
| 007 | cr cn | ||
| 020 | _a9786051623139 | ||
| 035 |
_a1299534 _b(N$T) |
||
| 050 | 0 | 4 |
_aBP189 _b.K37 2014 |
| 090 | 0 | 4 |
_aBP189 _b.K37 2014 |
| 100 | 1 | _aKaruko, Semira | |
| 245 | 1 | 0 |
_aEl - Cahız ve belagat _h[electronic resource] / _cSemira Karuko |
| 260 |
_aİstanbul : _bEtkileşim, _c2014 |
||
| 300 | _a353 p. | ||
| 650 | 4 | _aDil ve Edebiyat | |
| 650 | 4 | _aLanguage and Literature | |
| 650 | 0 | _aArap dili | |
| 650 | 0 | _aArabic language | |
| 650 | 7 |
_aFOREIGN LANGUAGE STUDY / Arabic _2bisacsh |
|
| 856 | 4 | 0 | _uhttp://search.ebscohost.com/login.aspx?direct=true&scope=site&db=e011xww&AN=1299534 |
| 999 |
_c14714 _d14714 |
||